000 00634nam a2200229 a 4500
001 BRCA_5414
005 20190320205051.0
008 101210s1921----gw-a######---#000-0#ger-#
041 _ager
044 _agw
050 4 _aND641
_b.R64 1921
100 1 _aRoh, Franz
_913834
245 1 0 _aHolländische, Malerei
_cvon Franz Roh.
260 _aJena, Alemania
_bEugene Diederichs
_c1921
300 _a335 p.
_bil., 200 láminas
_c27 cm.
500 _aIncluye índice de ilustraciones y biografías
500 _aE136
650 1 4 _aPintura holandesa
_99393
650 1 4 _aPintores holandeses
_913835
902 _aGFM
942 _2lcc
_cB
999 _c5108
_d5108